Statistics for Harry Potter First Year- Necessary Books and Equipment

Click here to take the quiz!

General Stats

  • This quiz has been taken 52 times
  • The average score is 7 of 18

Answer Stats

HintAnswer% Correct
Sudents may also bringan owl OR a cat OR a toad
78%
UniformThree sets of plain work robes (black)
73%
Other Equipment1 Cauldron (pewter, standard size 2)
71%
Other Equipment1 Wand
71%
UniformOne plain pointed hat (black) for day wear
68%
Book-History of MagicA History of Magic
63%
UniformOne winter cloak (black, silver fastenings)
49%
UniformOne pair of protective gloves (dragon hide or similar)
44%
Book-Charms/generalThe Standard Book of Spells (Grade 1)
41%
Other Equipment1 telescope
29%
Other Equipment1 set of brass scales
24%
Book-TransfigurationA Beginner's guide to Transfiguration
22%
Book-Care of Magical CreaturesFantastic Beasts and Where to Find Them
22%
Book-HerbologyOne Thousand Magical Herbs and Fungi
22%
Book-GeneralMagical Theory
17%
Other Equipment1 set of glass or crystal phials
15%
Book-PotionsMagical Drafts and Potions
10%
Book-DADAThe Dark Forces: A Guide to Self-Protection
10%

Score Distribution

Percentile by Number Answered

Percent of People with Each Score

Your Score History

You have not taken this quiz